Vývoj zemědělství a výživy v Československu

Salvato in:
Dettagli Bibliografici
Autore principale: Houška, Václav
Natura: Libro
Lingua:ceco
Pubblicazione: Praha Statist. a evid. vyd. tisku 1971
Tags: Aggiungi Tag
Nessun Tag, puoi essere il primo ad aggiungerne!!

MARC

LEADER 00000nam a2200000 4500
001 c121425
005 20041019155222.4
041 0 |a cze 
044 |a CZ 
245 1 0 |a Vývoj zemědělství a výživy v Československu  |c Václav Houška 
264 1 |a Praha  |b Statist. a evid. vyd. tisku  |c 1971 
300 |a 415 s. 
100 1 |a Houška, Václav